| 000 | 00999nam a2200289 i 4500 | ||
|---|---|---|---|
| 005 | 20191224041650.0 | ||
| 008 | 140306s2002 ec ||||| |||| 00| 0 spa d | ||
| 040 |
_aCO-BoIAVH _cCO-BoIAVH |
||
| 041 | _aspa | ||
| 044 | _aec | ||
| 082 | 0 | 4 |
_a598.09866 _bR74l |
| 245 | 0 | 0 |
_aLibro rojo de las aves del Ecuador / _cTarsicio Granizo editor. |
| 260 |
_aQuito : _bSIMBIOE _bConservation International _bEcoCiencia _bUICN-Sur _bSIMBIOE, _c2002 |
||
| 300 | _a462 p. | ||
| 650 | 1 | 4 |
_aAves _xDistribución geográfica _zEcuador |
| 650 |
_aDiversidad biológica _xConservación |
||
| 650 | _aConservación del medio ambiente | ||
| 650 | _aFauna amenazada | ||
| 650 | _aListas rojas UICN | ||
| 650 | _aDistribución geográfica de especies | ||
| 662 | _aEcuador | ||
| 700 | _aPacheco, Cecilia | ||
| 700 | _aRibadeneira, María Belén | ||
| 700 | _aGuerrero, Mauricio | ||
| 700 |
_aGranizo, Tarsicio, _eeditor |
||
| 942 |
_cLIBRO _2ddc _01 |
||
| 999 |
_c2789 _d2789 |
||